| 000 | 00888nas a2200301 4500 | ||
|---|---|---|---|
| 001 | BR2013007130 | ||
| 003 | BR-BrBNA | ||
| 005 | 20231205122932.0 | ||
| 007 | ta | ||
| 008 | 230509b bl.|||p| |||| 00| 00por d | ||
| 040 |
_aBR-BrBNA _bpor _cBiblioteca Nacional de Agricultura |
||
| 041 | _a(Pt) | ||
| 072 | _aF03 | ||
| 100 | 1 | _aMatos, V.P. | |
| 100 | 1 | _aAzeredo, G.A. de | |
| 100 | 1 | _aGonçalves, E.P. | |
| 100 | 1 | _aSilva, A. da | |
| 100 | 1 | _aRodrigues, L. de F. | |
| 245 | 1 | _aSementes de sapoti (Achras sapota L.): dormência e emergência | |
| 650 | _aSAPOTI | ||
| 650 | _aSEMENTE | ||
| 650 | _aGERMINAÇÃO | ||
| 650 | _aDORMÊNCIA DA SEMENTE | ||
| 650 | _aPRÉ-EMERGÊNCIA | ||
| 773 | 0 |
_tPesquisa Agropecuária Tropical (Brazil) _xISSN 1517-6398 _g(Jul-Dec 2003), v. 33(2) p. 79-82 _wBR2013007130 |
|
| 909 |
_a202311 _bLúcia _c55 _dLúcia Elande |
||
| 942 |
_2AGRIS _n0 _cANA |
||
| 999 |
_c231339 _d231339 |
||